| 000 | 00593nam a22002051a 4500 | ||
|---|---|---|---|
| 001 | 10460 | ||
| 003 | OSt | ||
| 005 | 20260204212200.0 | ||
| 008 | 090216s1993||||xxu||||||b|||||||||| || | ||
| 020 | _a1551855704 | ||
| 050 | _a615.88 M319r | ||
| 245 | _aManual de remedios caseros / Jonh H. Renner (Consultor) | ||
| 264 | _aEstados Unidos : Publicación Internacional | ||
| 300 | _a400 p | ||
| 500 | _aIncluye indice | ||
| 650 | _aRemedios Caseros | ||
| 700 | _aRenner, Jonh H. | ||
| 710 | _aInstituto de Investigación en Información sobre la Salud del consumidorÌ | ||
| 942 |
_2ddc _cBK |
||
| 999 |
_c10460 _d10460 |
||